[Event "Int. Meisterturnier Sindelfingen 1984"]
[Site "Sindelfingen"]
[Date "1984.11.03"]
[Round "13"]
[White "Bauer, Peter"]
[Black "Bischoff, Klaus"]
[Result "0-1"]
[WhiteElo "2200"]
[BlackElo "2415"]
[PlyCount "82"]
[EventDate "1984.??.??"]
[EventType "tourn"]

1. e4 e6 2. d4 d5 3. Nc3 Bb4 4. e5 b6 5. a3 Bf8 6. h4 Ba6 7. Bxa6 Nxa6 8. Qd3
Nb8 9. Nce2 Qd7 10. Nf3 Ne7 11. h5 h6 12. Bd2 c5 13. dxc5 bxc5 14. b4 Nc8 15.
O-O Nb6 16. Rfb1 Nc4 17. Bf4 Nc6 18. b5 N6a5 19. a4 Be7 20. Nc1 Qc7 21. Nb3
Nxb3 22. cxb3 Nb6 23. Rc1 Nd7 24. Nd4 Bg5 25. Qg3 Bxf4 26. Qxf4 O-O 27. Nc6 a6
28. b4 axb5 29. axb5 Rxa1 30. Rxa1 Nb8 31. Ra7 Qb6 32. bxc5 Qxc5 33. Ne7+ Kh7
34. Rb7 d4 35. Qe4+ Kh8 36. f4 d3+ 37. Kh2 d2 38. Ng6+ fxg6 39. Qxg6 Rg8 40.
Rxg7 Rxg7 41. Qxh6+ Kg8 0-1